Harry Potter 4 film (Facile-Moyen) - Statistiques

Statistiques générales
  • Ce quiz a été pris 782 fois
    731 depuis la dernière actualisation
  • Le résultat moyen est 8 sur 15
Statistiques - réponses
Question Réponse % Correct
D'où viennent les dragons Roumanie
89%
Qu'est ce que répond Alastor à la question de Miverva "Est- ce que c'est un élève ?" En principe c'est une Fouine
84%
De quelle couleur doit on lancer les étincelles si on est en difficulté dans le labyrinthe Rouge
82%
Quel personnage ne voit on pas dans le film Luna Lovegood
77%
Lequel de ces prénoms n'est pas mentionné par Hermione quand elle fait le "hiboux" Ginny
61%
Laquelle de ces affirmation n'est pas pensé par Maugrey Cédric Diggory transformait des vif d'Or en Moineau
59%
Qui Igor Karkaroff dénonce t'il pas ? Fenrir Greyback
59%
Quel sortilège Harry utilise dans le film Ascendio
57%
Harry Insulte Ron de Con
52%
Qui n'est pas dans la tante des champions et amis Gabrielle
48%
Dans quel pays un Sorcier a fait pousser des arbres anti-pesenteur Nepal
43%
Le film est Interdit aux moins de 10ans
39%
Qu'est ce qu'il y a d'écrit sur le front de Crabbe avant la dernière tache Krum
36%
Laquelle de ces informations est fausse Quedver dit "Le sang du serviteur volontairement sacrifié"
26%
Quelle est la dernière phrase de Cédric dite à son père Merci
8%
Aucun quiz correspondant
Distribution des résultats
% des personnes avec chaque résultat
Percentile par nombre de réponses
Votre historique - résultats
Vous n’avez pas pris ce quiz depuis la dernière actualisation